Apologia Catholica. Das ist/ Vier Christliche Catholische Schutz oder Schirmpredigen/ von erleuterung des Christlichen Namens vnd wesens/ auch der fünff angedichten Bäpstischen eigenschafften des Catholischen/ wider die Vncatholischen Predigen Doctoris Caspari Franckens. Ein Dialogus Doctoris Petri Canisij/ vnd D. Caspar Francken/ vom Catholico/ Catholico per. i. vnd Cacholyco per. y. Auch Bruder Nassen Schmachschrifft wider das Christlich Concordibuch/ #165#c. gehalten vnd gestelt/ Durch Conradum Wolffgangum Platzium/ H. Göttlicher Schrifft Doctorem #165#c. Zur rettung der Christlichen/ in Gottes Wort wolgegründten/ Augspurgischen Confession/ vnd deren Christlichen Concordibuch

Bibliographic Details
Main Authors: Platz, Conrad Wolfgang, 1531-1596 (Author, Dedicator), Frank, Kaspar aus Ortrand (Author), Kanízius, Peter, svätý, 1521-1597 (Author)
Corporate Authors: Hock, Alexander (Tübingen, Nemecko) (Printer), rada mesta (Biberach a. d. Riß, Nemecko) (hrn)
Other Authors: Hock, Alexander (Printer), Breuning, Georg (Contributor)
Format: Book
Language:German
PhysicalDescription:A4-N4, O2 [=54] l. 4° 20,5 x 15,5 cm
Published: Getruckt zu Tübingen/ bey Alexander Hock Anno M.D.LXXXI. [=1581]
Subjects:

MARC

LEADER 00000nam a2200000 a 4500
001 vtls011716763
003 SK-MaSNL
005 20260302020340.0
008 240318t1581 gw 000 0 ger
015 |a SNBHFA1581 
035 |a DB07809C-1D70-4ADD-A364-FA303F8C693E 
035 |a urn:nbn:sk:snk-am3h4t6 
035 |a urn:nbn:sk:snk-am00cnah 
040 |a SNKHF  |b slo  |c SNK  |e AACR2 
041 0 |a ger 
044 |a gw  |c DE 
072 7 |a 2-1  |x Prirodzená teológia. Náboženská filozofia  |2 konspekt 
080 |a 2-285.2  |2 2001 
100 1 |a Platz, Conrad Wolfgang,  |d 1531-1596  |4 aut  |9 592301 
245 1 0 |a Apologia Catholica. Das ist/ Vier Christliche Catholische Schutz oder Schirmpredigen/ von erleuterung des Christlichen Namens vnd wesens/ auch der fünff angedichten Bäpstischen eigenschafften des Catholischen/ wider die Vncatholischen Predigen Doctoris Caspari Franckens. Ein Dialogus Doctoris Petri Canisij/ vnd D. Caspar Francken/ vom Catholico/ Catholico per. i. vnd Cacholyco per. y. Auch Bruder Nassen Schmachschrifft wider das Christlich Concordibuch/ #165#c. gehalten vnd gestelt/ Durch Conradum Wolffgangum Platzium/ H. Göttlicher Schrifft Doctorem #165#c. Zur rettung der Christlichen/ in Gottes Wort wolgegründten/ Augspurgischen Confession/ vnd deren Christlichen Concordibuch 
260 |a Getruckt zu Tübingen/  |b bey Alexander Hock  |c Anno M.D.LXXXI. [=1581] 
300 |a A4-N4, O2 [=54] l.  |c 4°  |c 20,5 x 15,5 cm 
500 |a Vinety, iniciálky s ornamentálnym pozadím vo voľnom priestore na 5 r., verzály na 3 r., marginálie, kustódy 
501 |a Príväzok 1.: NEUHEUSER, Samuel. Ein Christliche Predig. Tübingen : durch Alexander Hock, im Jar 1580, 4°.  |5 SNK IC 143607 
501 |a Príväzok 2.: HEERBRAND, Jakob. Ableinung. Tübingen : bey Georg Gruppenbach, Anno 1583, 4°.  |5 SNK IC 143607 
501 |a Príväzok 3.: NEUHEUSER, Samuel. Christliche Predig. Tübingen, durch Alexander Hock M.D.LXXX [=1580], 4°.  |5 SNK IC 143607 
501 |a Príväzok 4.: OSIANDER, Lucas st. Ein Predig Von dem Widertauff. Tübingen : bey Alexander Hock, im jar als man zalt 1582, 4°.  |5 SNK IC 143607 
501 |a Príväzok 5. PLATZ, Konrad Wolfgang. Von der höchsten Kunst. Tübingen : bey Alexander Hock, Jm Jar 1580, 4°.  |5 SNK IC 143607 
508 |a Ded.: Biberach a. d. Riß - rada mesta; Platz, Konrad Wolfgang; príl. b.: Breuning, Georg 
510 4 |a VD 16 P/3358 
562 |a Proveniencia: pečiatka Dr. E. Kadarász - ver. not. poz. Margity Zayovej Čís. 268. - supralibros V. L. 1584.  |5 SNK IC 143607 
563 |a Väzba: pôvodná, renesančná, bledohnedá koža s ornamentálnou a figurálnou slepotlačou, stopy po kožených šnúrkach, na chrbte knihy modrý štítok s neidentifikovateľným číslom, čís. 221 a nečitateľný rukopisný zápis.  |5 SNK IC 143607 
650 0 7 |a teológia  |2 SNKPH  |9 1814 
655 7 |a polemické spisy  |2 SNKPH  |9 663189 
700 1 |a Zaiová, Margita,  |d 1868-1937  |4 own  |9 186369 
700 1 |a Kadarász, Ernest  |4 oth  |9 302455 
700 1 |a Hock, Alexander  |4 prt  |9 431926 
700 1 |a Platz, Conrad Wolfgang,  |d 1531-1596  |4 dto  |9 592301 
700 1 |a Breuning, Georg  |4 ctb  |9 663190 
700 0 |a V. L. 1584  |4 own  |9 663191 
700 1 |a Frank, Kaspar aus Ortrand  |4 aut  |9 663192 
700 1 |a Kanízius, Peter,  |c svätý,  |d 1521-1597  |4 aut  |9 44714 
710 0 |a Hock, Alexander (Tübingen, Nemecko)  |4 prt  |9 431928 
710 2 |a rada mesta (Biberach a. d. Riß, Nemecko)  |4 hrn  |9 663193 
752 |a Nemecko  |d Tübingen 
852 |a SNK  |b Zaiova knižnica: Zay M 283  |p IC 143607 
958 |a ONDV 
999 |c 1024784  |d 1026714 
952 |t Zay 283  |a SNK  |b SNK  |c SNK_HF  |y PREZ  |7 0  |p 17A1298981  |o snkIC 143607  |i snk2017/23205  |8 5  |z Príväzky:1-5  |0 0  |1 0  |4 0  |d 2017-10-23  |f 1  |l 0  |r 2026-02-24 13:35:39  |w 2026-02-24